| 000 | 00633nam a2200265Ia 4500 | ||
|---|---|---|---|
| 008 | 170711s9999 xx 000 0 und d | ||
| 020 | _a9780725311766 | ||
| 050 | _a372.35 | ||
| 050 | _bS891 1996 | ||
| 100 | _aStow, Hardy | ||
| 245 | _aTell it on video / | ||
| 245 | _cby Hardy Stow. | ||
| 260 | _aAustralia : | ||
| 260 | _bBookshelf Publishing, | ||
| 260 | _c1996 | ||
| 300 | _a56 pages : | ||
| 300 | _bchiefly colored ; | ||
| 300 | _c25cm. | ||
| 440 | _aBookshelf, | ||
| 440 | _vStage 7. | ||
| 650 | _aVideo recordings -- | ||
| 650 | _xProduction and direction. | ||
| 700 | _aSeries. | ||
| 700 | _aTitle. | ||
| 999 |
_c340040 _d340040 |
||